Femmes françaises - Statistiques

Statistiques générales
  • Ce quiz a été pris 155 fois
  • Le résultat moyen est 5 sur 10
Statistiques - réponses
Réponse % Correct
Première femme à recevoir un prix Nobel, et seule à en recevoir deux (physique en 1903, chimie en 1911). Travaux sur la radioactivité. Marie Curie
97%
Ministre de la Santé, elle a porté la loi sur la dépénalisation de l’avortement. Survivante de la Shoah, elle a également milité pour la mémoire de l’Holocauste. Simone Veil
94%
Héroïne nationale qui a joué un rôle crucial dans la guerre de Cent Ans en menant les troupes françaises contre les Anglais. Jeanne d'Arc
90%
Auteure de la Déclaration des droits de la femme et de la citoyenne (1791). Elle a défendu les droits des femmes et s'est opposée à l'esclavage. Olympe de Gouges
67%
Danseuse et chanteuse engagée contre le racisme. Résistante durant la Seconde Guerre mondiale. Militante pour les droits civiques. Josephine Baker
57%
Avocate et militante féministe, elle a défendu des causes majeures comme le droit à l’avortement et les droits des femmes en général. Gisèle Halimi
48%
Écrivaine célèbre pour son engagement en faveur des droits des femmes et de la justice sociale. Elle a défié les normes de son époque en adoptant des comportements jugés masculins. George Sand
38%
Figure majeure de la Commune de Paris, militante anarchiste et féministe. Louise Michel
26%
Première Française à aller dans l'espace (1996). Scientifique engagée pour la promotion des sciences auprès des jeunes. Claudie Haigneré
8%
Aviatrice de renom, elle a battu plusieurs records de vitesse, inspirant de nombreuses femmes à s'engager dans ce domaine. Hélène Boucher
5%
Aucun quiz correspondant
Distribution des résultats
% des personnes avec chaque résultat
Percentile par nombre de réponses
Votre historique - résultats
Vous n’avez pas pris ce quiz